Southville International School and Colleges
Your cart is empty.
  • Cart
  • Lists
    Public lists Eva Luna New books Lux_list list_1
    Your lists Log in to create your own lists
  • Log in to your account
  • Your cookies
  • Search history
Southville International School and Colleges
  • Advanced search
  • Recent comments
  • Most popular
  • Libraries

Log in to your account

Log in with GOOGLE


If you do not have an external account, but do have a local account, you can still log in:

  1. Home
  2. MARC view: How to write succesful business and management essays /
Normal view MARC view ISBD view

How to write succesful business and management essays / (Record no. 24856)

[ view plain ]
MARC details
000 -LEADER
fixed length control field 00644nam a2200229 a 4500
005 - DATE AND TIME OF LATEST TRANSACTION
control field 20140311161035.0
008 - FIXED-LENGTH DATA ELEMENTS--GENERAL INFORMATION
fixed length control field 110929s19uu xx 00 eng d
020 ## - INTERNATIONAL STANDARD BOOK NUMBER
International Standard Book Number 9781847875914
050 ## - LIBRARY OF CONGRESS CALL NUMBER
Classification number HF 5718.3
Item number .T57 2009
100 ## - MAIN ENTRY--PERSONAL NAME
Personal name Tissington, Patrick
245 ## - TITLE STATEMENT
Title How to write succesful business and management essays /
Statement of responsibility, etc Patrick Tissington.
260 ## - PUBLICATION, DISTRIBUTION, ETC. (IMPRINT)
Place of publication, distribution, etc Los Angels :
Name of publisher, distributor, etc Sage,
Date of publication, distribution, etc 2009.
300 ## - PHYSICAL DESCRIPTION
Extent 147 p. :
Other physical details ill. ;
Dimensions 24 cm.
500 ## - GENERAL NOTE
General note Includes index.
650 ## - SUBJECT ADDED ENTRY--TOPICAL TERM
Topical term or geographic name as entry element Business writing.
700 ## - ADDED ENTRY--PERSONAL NAME
Personal name Hasel, Markus
700 ## - ADDED ENTRY--PERSONAL NAME
Personal name Matthiesen, Jane
942 ## - ADDED ENTRY ELEMENTS (KOHA)
Koha item type Books
Source of classification or shelving scheme Library of Congress Classification
Call number prefix Foreign
Holdings
Withdrawn status Lost status Source of classification or shelving scheme Damaged status Home library Current library Shelving location Date acquired Source of acquisition Total Checkouts Full call number Barcode Date last seen Date checked out Copy number Price effective from Koha item type
    Library of Congress Classification   College Library College Library General Circulation Section 01/08/2014 Donation 1 HF 5718.3 .T57 2009 C16338 05/15/2018 06/29/2016 1 01/08/2014 Books
    Library of Congress Classification   College Library College Library General Circulation Section 01/08/2014 Donation   HF 5718.3 .T57 2009 C15354 05/15/2018   3 01/08/2014 Books

How to write succesful business and management essays /

APA

Tissington P., Hasel M. & Matthiesen J. (2009). How to write succesful business and management essays. Los Angels: Sage.

Chicago

Tissington Patrick, Hasel Markus and Matthiesen Jane. 2009. How to write succesful business and management essays. Los Angels: Sage.

Harvard

Tissington P., Hasel M. and Matthiesen J. (2009). How to write succesful business and management essays. Los Angels: Sage.

MLA

Tissington Patrick, Hasel Markus and Matthiesen Jane. How to write succesful business and management essays. Los Angels: Sage. 2009.

  • Place hold
  • Print
  • Cite
  • Add to your cart (remove)
  • Save record
    BIBTEX Dublin Core MARCXML MARC (non-Unicode/MARC-8) MARC (Unicode/UTF-8) MARC (Unicode/UTF-8, Standard) MODS (XML) RIS
  • More searches
    Search for this title in:
    Other Libraries (WorldCat) Other Databases (Google Scholar) Online Stores (Bookfinder.com) Open Library (openlibrary.org)

Exporting to Dublin Core...

SOUTHVILLE LIBRARY

Southville International School and Colleges Library

1281 Tropical Ave. Cor. Luxembourg St., BF Homes International, Las Pinas City

Tel. No. 8256374 / 252358 Loc. 117/146

Powered by Koha